000 00992nam a22003137a 4500
003 CHAP
005 20220329134530.0
008 971013s r 00010 d
010 _a21755
011 _a22727
035 _a26822
040 _cCHAP
082 _a368.4
_bI58
110 _aInstituto Mexicano del Seguro Social
_959268
245 _aInforme de actividades 19 - 19
260 _aMéxico, D. F. :
_bEl Instituto,
_c19 -
300 _av.
500 _aLa biblioteca tiene : 1993-94
590 _aBATCH-UPD
_b10
_c20130110
_lUCH01
_h1807
590 _aBATCH-UPD
_b10
_c20130410
_lUCH01
_h1143
590 _aBATCH-UPD
_b10
_c20130914
_lUCH01
_h1825
590 _aBATCH-UPD
_b10
_c20161124
_lUCH01
_h1708
590 _aCONVERSION
_b10
_c20130109
_lUCH01
_h1313
650 1 4 _aSeguridad social
_zMéxico.
_9103687
651 4 _aMéxico
_xPolítica y gobierno.
_976783
901 _aBK
942 _cLIBRO
949 _a368.4 I58
_bBC
_cLIBRO
_d33724000376372
_eLIBRO
_f1993-94
_h87422
_i26822
_si
999 _c21755
_d21755